Bílý jestřáb

Bibliographic Details
Main Author: Prchal, Josef (Author)
Format: Book
Language:Undetermined
PhysicalDescription:69 s.
Published: Praha Státní nakladatelství dětské knihy 1953

MARC

LEADER 00000nam a2200000 a 4500
001 vtls001289255
003 SK-MaSNL
005 20260301234935.0
008 240315s1953 xx 0 und
035 |a SNK000240874 
040 |a SNK  |b slo  |c SNK  |e AACR2 
100 1 |a Prchal, Josef  |4 aut  |9 423655 
245 1 |a Bílý jestřáb 
260 |a Praha  |b Státní nakladatelství dětské knihy  |c 1953 
300 |a 69 s. 
999 |c 972579  |d 974509 
952 |t P60, <05>, [BOOK], {605}  |a SNK  |b SNK  |y PREZ  |7 0  |p 17A0071660  |o snkIC 7049/138 D2  |0 0  |1 0  |4 0  |d 1997-06-03  |l 0  |r 2005-01-02 00:00:00  |w 2026-02-24